| 000 | 00862nam a22002177a 4500 | ||
|---|---|---|---|
| 003 | OSt | ||
| 005 | 20250515092351.0 | ||
| 008 | 241113b |||||||| |||| 00| 0 eng d | ||
| 040 | _c0 | ||
| 082 | _aDPer 647.94068 In821 August-October 2019 | ||
| 100 |
_aNair, Girish K. _eauthor. _964087 |
||
| 245 |
_aDynamics of pricing and non-pricing strategies, revenue management performance and competitive advantage in hotel industry / _cGirish K. Nair. |
||
| 260 |
_aAmsterdam ; _bElsevier, _cSeptember 2019. |
||
| 300 |
_aVolume 66, pages 287-297, _billustration. |
||
| 500 | _aInternational Journal of Hospitality Management, v. 81, pages 287-297, August 2019. | ||
| 650 | 0 |
_aRevenue management. _966666 |
|
| 650 | 0 |
_aDemand based pricing. _966667 |
|
| 650 | 0 |
_aOptional product pricing. _966668 |
|
| 700 |
_aNair, Girish K. _eauthor. _964087 |
||
| 942 |
_2ddc _cPER |
||
| 999 |
_c23205 _d23205 |
||